000 00465cam a2200193ua 4500
001 7090
008 141125n ii |||gr||||Z||||||eng
020 _a9788182812987
040 _cMAIN
041 _aeng
082 _a339
100 _aJhingan, M.L.,
_eAuthor.
245 1 _aMacroeconomic theory
_cBy M.L. Jhingan
250 _a12th rev.
260 _aDelhi:
_bVrinda,
_c2011.
300 _axxiv,778p.
653 _aMacroeconomics & related topics
942 _cBK
999 _c6217
_d6217